000 00939nam a22002291a 4500
001 78932
003 BD-RjUL
005 20211209083206.0
008 211130r20102019bg ||||| |||| 00| 0 ben d
020 _a9789841108458
_c: TK. 350
035 _a(BD-RjUL)79159
040 _aBD-RjUL
_bben
_cBD-RjUL
041 _aben
082 _223
_a954.9205092
_bALA 2010
100 _aআলম, মোহাম্মেদ দিদারুল
_9250811
245 1 0 _aআমি শেখ মুজিব বলছি /
_cমোহাম্মেদ দিদারুল আলম
260 _aঢাকা :
_bআহমদ পাবলিশিং হাউজ,
_c২০১০ [২০১৯]
300 _a২৩২ পৃ. :
_bচিত্র ;
_c২২ সেমি.
600 _aমুজিবুর রহমান,
_cশেখ,
_d১৯২০-১৯৭৫
_9250822
600 _aMujibur Rahman,
_cSheikh,
_d1920-1975
_9250823
942 _2ddc
_cBK
999 _c78932
_d78932